000 00449 a2200169 4500
020 _a0074703161
022 _a9780074703168
082 _a332.0994
090 _c4037
_d4037
100 _aMcGrath,Michael
245 _aFinancial Institutions, Instruments and Markets
_cMichael McGrath
250 _a2nd
260 _aNew York
_bThe McGraw-Hill Companies,Inc.
_c1997
300 _a627p
500 _aPaper cover
942 _aNBS
_cBK
_k332.0994 MCG
999 _c346496
_d346496